000 00599nam a2200241 a 4500
001 nice12345678
003 IN_TiNIC
005 20260116013921.0
008 050524s1996 dela grp 000 0 eng
020 _a
_c185
082 0 0 _a297.175
_bHUS
100 _aHusain, M G
245 _aPsychology and Society in Islamic Perspective
260 _aDelhi
_bInstitute of Objective Studies
_c1996
300 _a171p
500 _aincludes index and biblioraphy
505 2 _aIndex
650 _aIslam-Psychology
700 1 _aHusain, M G
902 _bSRS
942 _cBK
999 _c13100
_d13100